000 00721nam a22001577a 4500
008 120514t xxu||||| |||| 00| 0 eng d
050 _aHD82.G73
100 _aGrossman, Gregory
245 _aFoundations of modern economics series. /
_cGregory Grossman
260 _aU.S.A:
_bPrentice Hall,
_cc1967.
300 _aviii,120p.
_bill;
_c23cm.
500 _aIncludes index
505 _aContents: Criteria and values -- Some institutions and problems -- Ideologies and ''ISMS'' -- The Capitalist market economy -- Planning and control in capitalist market economies -- The Command economy: the USSR -- The Soviet market economy: Yugoslavia -- Systems and people -- Selected readings.
650 _bEconomics
942 _2lcc
_cBK
999 _c876
_d8376